Dobíjení elektromobilů se promění ve výnosný energetický byznys
EÚ plánuje zakázať predaj áut so spaľovacími motormi a od roku 2035 ich nahradiť alternatívnymi pohonmi, hlavne elektromobilmi. Benzín a naftu by mala vystriedať elektrina a namiesto púmp budú dobíjacie stanice. Vo využívaní zdrojov energie je to zásadná zmena.
Gespeichert in:
| 1. Verfasser: | |
|---|---|
| Weitere Verfasser: | |
| Format: | Buchkapitel |
| Sprache: | Tschechisch |
| Schlagworte: | |
| Tags: |
Keine Tags, Fügen Sie das erste Tag hinzu!
|
MARC
| LEADER | 00000naa a2200000 4500 | ||
|---|---|---|---|
| 001 | 0288081 | ||
| 005 | 20240417075215.4 | ||
| 041 | 0 | |a cze | |
| 044 | |a CZ | ||
| 245 | 1 | 0 | |a Dobíjení elektromobilů se promění ve výnosný energetický byznys |c Lenka Richtářová, Tomáš Molek |
| 520 | |a EÚ plánuje zakázať predaj áut so spaľovacími motormi a od roku 2035 ich nahradiť alternatívnymi pohonmi, hlavne elektromobilmi. Benzín a naftu by mala vystriedať elektrina a namiesto púmp budú dobíjacie stanice. Vo využívaní zdrojov energie je to zásadná zmena. | ||
| 610 | 2 | 0 | |a zmeny klimatické |
| 610 | 2 | 0 | |a Európska únia |
| 610 | 2 | 0 | |a automobily |
| 610 | 2 | 0 | |a zmennosť |
| 610 | 2 | 0 | |a elektromobily |
| 610 | 2 | 0 | |a nafta |
| 610 | 2 | 0 | |a benzín |
| 100 | 1 | |a Richtářová, Lenka | |
| 700 | 1 | |a Molek, Tomáš | |